Nietzsche, la genealogía, la historia
Guardat en:
| Autor principal: | |
|---|---|
| Format: | Llibre |
| Idioma: | espanyol |
| Publicat: |
Valencia
PRE-TEXTOS
1997
|
| Edició: | 3a. ed |
| Matèries: | |
| Etiquetes: |
Afegir etiqueta
Sense etiquetes, Sigues el primer a etiquetar aquest registre!
|
MARC
| LEADER | 00000nam a2200000 a 4500 | ||
|---|---|---|---|
| 001 | UCR6887 | ||
| 003 | CL-VaPUC | ||
| 008 | 980424e19970000SP |||||||||||||||||spa|d | ||
| 082 | 0 | 4 | |a 193 |b FOU |2 21 |
| 100 | |a Foucault, Michel |e author |9 257945 | ||
| 245 | 1 | 0 | |a Nietzsche, la genealogía, la historia |
| 250 | |a 3a. ed | ||
| 300 | |a 75 p | ||
| 942 | |c BK | ||
| 945 | |d 19980424 00:00:00 |a rbrito | ||
| 260 | |a Valencia |b PRE-TEXTOS |c 1997 | ||
| 650 | 0 | |a Filosofía alemana |9 265002 | |
| 650 | 7 | |a ESTUDIO DE LA HISTORIA |2 CL-VaPUC |9 408081 | |
| 650 | 0 | |a Genealogía |9 255285 | |
| 650 | 0 | |a Crítica e interpretación |9 255042 | |
| 583 | |a last modification |c 19980424 00:00:00 |k Rodrigo Vera | ||
| 999 | |c 268781 |d 268779 | ||
| 952 | |0 0 |1 0 |4 0 |6 193_000000000000000_FOU_1997 |7 0 |8 A |9 302123 |a BIBART |b BIBART |d 2019-11-20 |i 3461319 |o 193 FOU 1997 |p 3461319 |r 2025-03-13 |w 2019-11-20 |y BK |k ART | ||